Central Library OPAC University of Rajshahi

Freedom under the law / (Record no. 45452)

MARC details
000 -LEADER
fixed length control field 00753nam a2200241 a 4500
001 - CONTROL NUMBER
control field 45452
003 - CONTROL NUMBER IDENTIFIER
rucl marc code BD-RjUL
005 - DATE AND TIME OF LATEST TRANSACTION
control field 20211209054020.0
008 - FIXED-LENGTH DATA ELEMENTS--GENERAL INFORMATION
fixed length control field 160726r19681949nyu i000 0 eng d
035 ## - SYSTEM CONTROL NUMBER
System control number (BD-RjUL)45570
040 ## - CATALOGING SOURCE
Original cataloging agency ILK
Transcribing agency BD-RjUL
Modifying agency SLU
-- IPL
-- FCI
-- MYG
Language of cataloging eng
041 ## - LANGUAGE CODE
Language code of text/sound track or separate title eng
082 ## - DEWEY DECIMAL CLASSIFICATION NUMBER
Edition number 23
Classification number 346.3
Author mark and year DEF 1968
100 1# - MAIN ENTRY--PERSONAL NAME
Personal name Denning, Alfred.
9 (RLIN) 137354
245 10 - TITLE STATEMENT
Title Freedom under the law /
Statement of responsibility, etc. Sir Alfred Denning
260 ## - PUBLICATION, DISTRIBUTION, ETC. (IMPRINT)
Place of publication, distribution, etc. London :
Name of publisher, distributor, etc. Stevens & Sons,
Date of publication, distribution, etc. 1949 [Impression 1968].
300 ## - PHYSICAL DESCRIPTION
Pagination viii, 126 p. ;
Size 18 cm.
490 ## - SERIES STATEMENT
Series statement The Hamlyn lectures
Volume/sequential designation 1st series
650 #0 - SUBJECT ADDED ENTRY--TOPICAL TERM
Topical term or geographic name as entry element Justice, Administration of----Great Britain
9 (RLIN) 139162
Topical term or geographic name as entry element Liberty.
9 (RLIN) 125356
830 ## - SERIES ADDED ENTRY--UNIFORM TITLE
Uniform title The Hamlyn lectures 1st series
942 ## - ADDED ENTRY ELEMENTS (KOHA)
Source of classification or shelving scheme Dewey Decimal Classification
Koha item type Books
Holdings
Lost status Source of classification or shelving scheme Damaged status Not for loan Collection code Permanent Location Current Location Shelving location Date acquired Source of acquisition Cost, normal purchase price Total Checkouts Full call number Date last seen Copy number Koha item type
  Dewey Decimal Classification   Not For Loan Non-fiction Central Library, University of Rajshahi Central Library, University of Rajshahi Reading Room 10/07/1970 Sweets & Zeitlinger 6.00   346.3 DEF 1968 26/07/2016 C-1 Books
  Dewey Decimal Classification     Non-fiction Central Library, University of Rajshahi Central Library, University of Rajshahi   09/09/1970 zeitlinger 12.60   346.3 DEF 1968 26/07/2016 C-2 Books
  Dewey Decimal Classification     Non-fiction Central Library, University of Rajshahi Central Library, University of Rajshahi   26/09/1970 Sweets & Zeitlinger     346.3 DEF 1968 26/07/2016 C-3 Books
  Dewey Decimal Classification     Non-fiction Central Library, University of Rajshahi Central Library, University of Rajshahi   09/11/1970 zeitlinger 12.60   346.3 DEF 1968 26/07/2016 C-4 Books
  Dewey Decimal Classification     Non-fiction Central Library, University of Rajshahi Central Library, University of Rajshahi   10/07/1970 Sweets & Zeitlinger 12.60   346.3 DEF 1968 26/07/2016 C-5 Books
  Dewey Decimal Classification     Non-fiction Central Library, University of Rajshahi Central Library, University of Rajshahi   27/04/1966 Australia     346.3 DEF 1949 26/07/2016 C-6 Books
  Dewey Decimal Classification     Non-fiction Central Library, University of Rajshahi Central Library, University of Rajshahi   15/06/1968 zeitlinger 16.60   346.3 DEF 1962 26/07/2016 C-7 Books
  Dewey Decimal Classification     Non-fiction Central Library, University of Rajshahi Central Library, University of Rajshahi   16/04/1964 zeitlinger 15.00   346.3 DEF 1962 26/07/2016 C-8 Books
  Dewey Decimal Classification     Non-fiction Central Library, University of Rajshahi Central Library, University of Rajshahi   15/06/1968 zeitlinger 16.60   346.3 DEF 1962 26/07/2016 C-9 Books
  Dewey Decimal Classification     Non-fiction Central Library, University of Rajshahi Central Library, University of Rajshahi   15/06/1968 zeitlinger 16.60   346.3 DEF 1962 26/07/2016 C-10 Books